Economics / (Record no. 11653)
[ view plain ]
| 000 -LEADER | |
|---|---|
| fixed length control field | 01661pam a2200337 a 4500 |
| 001 - CONTROL NUMBER | |
| control field | 1182445 |
| 005 - DATE AND TIME OF LATEST TRANSACTION | |
| control field | 20010302173347.0 |
| 008 - FIXED-LENGTH DATA ELEMENTS--GENERAL INFORMATION | |
| fixed length control field | 971020s1998 maua b 001 0 eng |
| 010 ## - LIBRARY OF CONGRESS CONTROL NUMBER | |
| LC control number | 97038915 |
| 020 ## - INTERNATIONAL STANDARD BOOK NUMBER | |
| International Standard Book Number | 0070579474 (acidfree paper) |
| 040 ## - CATALOGING SOURCE | |
| Original cataloging agency | DLC |
| Transcribing agency | DLC |
| Modifying agency | DLC |
| 050 00 - LIBRARY OF CONGRESS CALL NUMBER | |
| Classification number | HB171.5 |
| Item number | .S25 1998 |
| 082 00 - DEWEY DECIMAL CLASSIFICATION NUMBER | |
| Classification number | 330 |
| Edition number | 21 |
| Item number | SAM |
| 100 1# - MAIN ENTRY--PERSONAL NAME | |
| Personal name | Samuelson, Paul Anthony, |
| Dates associated with a name | 1915- |
| 9 (RLIN) | 5451 |
| 245 10 - TITLE STATEMENT | |
| Title | Economics / |
| Statement of responsibility, etc | Paul A. Samuelson, William D. Nordhaus. |
| 250 ## - EDITION STATEMENT | |
| Edition statement | 16th ed. |
| 260 ## - PUBLICATION, DISTRIBUTION, ETC. (IMPRINT) | |
| Place of publication, distribution, etc | Boston, Mass : |
| Name of publisher, distributor, etc | Irwin/McGraw-Hill, |
| Date of publication, distribution, etc | c1998. |
| 300 ## - PHYSICAL DESCRIPTION | |
| Extent | xxxvii, 781 p. : |
| Other physical details | ill. (some col.) ; |
| Dimensions | 26 cm. |
| 500 ## - GENERAL NOTE | |
| General note | Also issued in two separate volumes under titles: Macroeconomics, sixteenth ed. and Microeconomics, sixteenth ed. |
| 504 ## - BIBLIOGRAPHY, ETC. NOTE | |
| Bibliography, etc | Includes bibliographical references and index. |
| 650 #0 - SUBJECT ADDED ENTRY--TOPICAL TERM | |
| Topical term or geographic name as entry element | Economics. |
| 9 (RLIN) | 5452 |
| 700 1# - ADDED ENTRY--PERSONAL NAME | |
| Personal name | Nordhaus, William D. |
| 9 (RLIN) | 5453 |
| 700 1# - ADDED ENTRY--PERSONAL NAME | |
| Personal name | Samuelson, Paul Anthony, |
| Dates associated with a name | 1915- |
| Title of a work | Macroeconomics. |
| 9 (RLIN) | 5454 |
| 700 1# - ADDED ENTRY--PERSONAL NAME | |
| Personal name | Samuelson, Paul Anthony, |
| Dates associated with a name | 1915- |
| Title of a work | Microeconomics. |
| 9 (RLIN) | 5455 |
| 942 ## - ADDED ENTRY ELEMENTS (KOHA) | |
| Source of classification or shelving scheme | Dewey Decimal Classification |
| Item type | Book - Borrowing |
| Withdrawn status | Item status | Source of classification or shelving scheme | Damaged status | Not for loan | Vendor | Home library | Current library | Shelving location | Date acquired | Source of acquisition | Cost, normal purchase price | Serial Enumeration / chronology | Total Checkouts | Full call number | Barcode | Date last seen | Koha item type | Date last borrowed |
|---|---|---|---|---|---|---|---|---|---|---|---|---|---|---|---|---|---|---|
| Dewey Decimal Classification | Alahram | Central Library | Central Library | First floor | 27/05/2009 | 102.00 | 72 | 330 SAM | 000016136 | 15/07/2025 | Book - Borrowing | |||||||
| Dewey Decimal Classification | Central Library | Central Library | First floor | 11/10/2011 | 2 | 330 SAM | 000008534 | 15/07/2025 | Book - Borrowing | 12/03/2025 | ||||||||
| Dewey Decimal Classification | Baccah | Central Library | Central Library | First floor | 11/10/2011 | 1 | 330 SAM | 000007831 | 15/07/2025 | Book - Borrowing | 28/09/2016 |